| Поле | Инд. | ПП | Название | Значение |
|---|---|---|---|---|
| Тип записи | a | |||
| Библиографический уровень | b | |||
| 001 | Контрольный номер | RU/IS/BASE/264552967 | ||
| 005 | Дата корректировки | 20230526160155.5 | ||
| 008 | Кодируемые данные | 19951209 | ||
| 084 | a | Индекс другой классификации/Индекс ББК | 81.411.2-02-553 | |
| 097 | 00 | a | 750 | |
| 100 | 10 | a | Автор | Захарова Е. П. |
| 100 | 1_ | a | Автор | Кормилицына М. А. |
| 245 | 10 | a | Заглавие | Проблемы функционально-стилевой дифференциации русского литературного языка в трудах саратовских лингвистов |
| b | Продолж. заглавия | [Обзор] | ||
| 504 | 00 | a | Библиография | Библиогр.: с. 130 - 131 |
| 650 | 04 | a | Основная рубрика | культура речи |
| a | Основная рубрика | развитие языка | ||
| a | Основная рубрика | русский язык | ||
| a | Основная рубрика | стилистика | ||
| a | Основная рубрика | филологические науки | ||
| a | Основная рубрика | частное языкознание | ||
| a | Основная рубрика | языкознание | ||
| 653 | 00 | a | Ключевые слова | литературный язык |
| a | Ключевые слова | разговорная речь | ||
| a | Ключевые слова | речевые стили | ||
| a | Ключевые слова | речевые формы | ||
| a | Ключевые слова | язык | ||
| 773 | 00 | t | Заглавие источника | Вопросы языкознания |
| d | Дата издания источника | 1995 | ||
| g | Прочая информация | № 4. - С. 123 - 131 | ||
| w | Контрольный № источника | RU/IS/BASE/134584334 | ||
| 901 | t | Тип документа | b |